Loading...
| Literature - American | 0 | 6 | 1 | 0 | 55 | 58 | 88.33 | 0 | 0 | 0.00 | 0.00 |
| Fine Arts - Classical Music | 0 | 4 | 0 | 1 | 40 | 57 | 93.75 | 0 | 1 | 0.00 | 0.00 |
| Literature - European | 0 | 4 | 0 | 0 | 40 | 85 | 97.00 | 0 | 0 | 0.00 | 0.00 |
| Fine Arts - Painting and Sculpture | 0 | 3 | 0 | 0 | 30 | 54 | 80.33 | 0 | 1 | 0.00 | 0.00 |
| Fine Arts - Other | 0 | 3 | 0 | 0 | 30 | 37 | 73.33 | 1 | 2 | 0.00 | 0.00 |
| History - European | 0 | 3 | 0 | 1 | 30 | 55 | 90.67 | 0 | 1 | 0.00 | 0.00 |
| Mythology | 0 | 3 | 1 | 1 | 25 | 67 | 76.33 | 1 | 2 | 0.00 | 0.00 |
| Science - Chemistry | 0 | 3 | 1 | 1 | 25 | 57 | 84.33 | 0 | 2 | 0.00 | 0.00 |
| Literature - British | 0 | 2 | 0 | 0 | 20 | 60 | 70.50 | 0 | 1 | 0.00 | 0.00 |
| Social Science | 0 | 2 | 0 | 0 | 20 | 50 | 75.00 | 1 | 1 | 0.00 | 0.00 |
| Science - Other | 0 | 2 | 0 | 1 | 20 | 110 | 119.00 | 0 | 0 | 0.00 | 0.00 |
| Philosophy | 0 | 2 | 0 | 0 | 20 | 34 | 71.50 | 0 | 1 | 0.00 | 0.00 |
| Geography | 0 | 2 | 1 | 0 | 15 | 25 | 59.50 | 0 | 1 | 0.00 | 0.00 |
| History - American | 0 | 2 | 1 | 0 | 15 | 32 | 53.50 | 0 | 2 | 0.00 | 0.00 |
| Literature - World | 0 | 2 | 2 | 0 | 10 | 97 | 102.00 | 0 | 1 | 0.00 | 0.00 |
| Science - Biology | 0 | 1 | 1 | 0 | 5 | 104 | 104.00 | 0 | 1 | 0.00 | 0.00 |
| History - Other | 0 | 1 | 2 | 1 | 0 | 115 | 115.00 | 0 | 0 | 0.00 | 0.00 |
| Science - Physics | 0 | 0 | 1 | 0 | -5 | 0.00 | 0 | 0 | 0.00 | 0.00 |